| 000 | 00674nmc a2200253 a 4500 | ||
|---|---|---|---|
| 003 | AR-BaBNM | ||
| 005 | 20251128202753.0 | ||
| 008 | 267019s1982 ||||||||||||||000 | spa|| | ||
| 020 | _a950-25-0620-0 | ||
| 040 | _cAR-BaBNM | ||
| 100 | 1 | _aPla, Roger | |
| 245 | 1 | 0 | _aLas brújulas muertas |
| 260 |
_aBuenos Aires _bCentro Editor de América Latina _c1982 |
||
| 300 | _a235 p. | ||
| 490 | 0 | _aBiblioteca argentina fundamental | |
| 650 | 4 | _aLITERATURA ARGENTINA | |
| 650 | 4 | _aLITERATURA CONTEMPORANEA | |
| 650 | 4 | _aNOVELAS | |
| 653 | _aVANGUARDIAS LITERARIAS | ||
| 655 | _aLITERATURA | ||
| 700 | 1 |
_aSvanascini, Osvaldo _eprologuista |
|
| 942 | _cBK | ||
| 998 | _cMARTIN | ||
| 999 |
_c486 _d486 |
||